| 000 | 00553nmm a2200169Ia 4500 | ||
|---|---|---|---|
| 008 | 251105s9999||||xx |||||||||||||||||und|| | ||
| 020 | _a9788446042839 | ||
| 041 | _aspa | ||
| 100 | _aZimbalist, Andrew | ||
| 245 | 0 | _aCircus maximus: el negocio económico detrás de la organización de los juegos olímpicos y el mundial de fútbol | |
| 264 |
_a[Madrid, España] : _bAkal, _c2016 |
||
| 300 | _a224 páginas | ||
| 490 | _aPensamiento crítico | ||
| 650 | _aTravel & Sports | ||
| 856 | _uhttps://public.digitaliapublishing.com/a/50943 | ||
| 942 | _cCF | ||
| 999 |
_c83044 _d83044 |
||